000 00215 a2200097 4500
001 4402
100 _aBethel,L.L
245 _aEssentials of industrial management
260 _a
_bMcgrawhill
_c
090 _c3600
_d3600
942 _aNUST-CAE
_cM
_c28892
999 _c239475
_d239475